Fr. Conceicao Rodrigues College of Engineering

PC Week : Guide to Lotus Notes Ref 4 (Record no. 22226)

MARC details
000 -LEADER
fixed length control field 00334nam a2200145Ia 4500
082 ## - DEWEY DECIMAL CLASSIFICATION NUMBER
Classification number 005.139(l)
Item number man/
100 ## - MAIN ENTRY--PERSONAL NAME
Personal name Mann/ Eric/ Litton/ Gerry
245 ## - TITLE STATEMENT
Title PC Week : Guide to Lotus Notes Ref 4
260 ## - PUBLICATION, DISTRIBUTION, ETC.
Name of publisher, distributor, etc. Ziff Daviz Press
Date of publication, distribution, etc. 1996
300 ## - PHYSICAL DESCRIPTION
Extent 972
546 ## - LANGUAGE NOTE
Language note ENGLISH
654 ## - SUBJECT ADDED ENTRY--FACETED TOPICAL TERMS
Focus term computer
942 ## - ADDED ENTRY ELEMENTS (KOHA)
Koha item type BOOK
Holdings
Withdrawn status Lost status Damaged status Not for loan Collection Home library Current library Date acquired Total Checkouts Full call number Barcode Date last seen Price effective from Koha item type
        CRC Fr. Agnel's C.Rodrigues College of Engineering Fr. Agnel's C.Rodrigues College of Engineering 17/03/2023   005.139(l) man/ 10851 17/03/2023 17/03/2023 BOOK
        CRC Fr. Agnel's C.Rodrigues College of Engineering Fr. Agnel's C.Rodrigues College of Engineering 17/03/2023   005.139(l) man/ 10852 28/02/2025 17/03/2023 BOOK